000 00325 a2200157 4500
001 164106
020 _a
040 _cMagnum
100 _aWyss, Johann
240 1 0 _aOs robinsons suicos
_lpor
245 1 0 _aOs robinsons suicos
362 0 _a1899
440 1 _aEdiouro
697 _aIJ/AVENTURA, CRIANCAS
942 _cBK
999 _c164106
_d164106